[Event "Rossinante"]
[Site "http://www.queenalice.com/game.php?id=1236645"]
[Date "2013.11.30"]
[Round "1"]
[White "Kensho"]
[Black "Lintz"]
[Result "0-1"]
[WhiteElo "1501"]
[BlackElo "1830"]

1. e4 e5 2. Nf3 Qe7 3. Bb5 c6 4. Ba4 g6 5. c3 Bg7 6. O-O Nf6 7. Re1 O-O 8. d4 d6
9. h3 b5 10. Bc2 Bb7 11. b4 Nbd7 12. a4 bxa4 13. Bxa4 exd4 14. Qxd4 Nd5 15. Qd1
Nxc3 16. Qc2 Ne2+ 17. Rxe2 Bxa1 18. Nbd2 Rac8 19. b5 cxb5 20. Bb3 Rxc2 0-1

[Event "mesa 24"]
[Site "http://www.queenalice.com/game.php?id=1236927"]
[Date "2013.12.1"]
[Round "-"]
[White "Herbert_Cezar"]
[Black "Kensho"]
[Result "1-0"]
[WhiteElo "1785"]
[BlackElo "1511"]

1. e4 b6 2. d4 Bb7 3. Nc3 g6 4. Nf3 Bg7 5. Be3 e6 6. Qd2 Ne7 7. Bh6 Bxh6 8. Qxh6
Rg8 9. Qxh7 Nbc6 10. Ng5 Nxd4 11. Qxf7# 1-0

[Event "Let's Play Chess!"]
[Site "http://www.queenalice.com/game.php?id=1240714"]
[Date "2013.12.17"]
[Round "-"]
[White "Kensho"]
[Black "Piazzolero"]
[Result "1-0"]
[WhiteElo "1451"]
[BlackElo "1696"]

1. e4 e5 2. Nf3 Nf6 3. Nc3 d6 4. Bb5+ Bd7 5. O-O a6 6. Ba4 Be7 7. Bb3 O-O 8. Re1
c5 9. Nd5 Nxe4 10. Rxe4 f5 11. Nxe7+ Kh8 12. Re2 Qxe7 13. d3 f4 14. h3 b5 15. c4
b4 16. a3 Nc6 17. Ba4 a5 18. b3 Rac8 19. Bb2 Bf5 20. g4 Be6 21. Qd2 Nd4 22. Nxd4
exd4 23. Rae1 Rf6 24. f3 Rcf8 25. h4 h6 26. g5 hxg5 27. hxg5 Rg6 28. Rh2+ Kg8
29. Qg2 Rxg5 30. Rxe6 Qxe6 31. Qxg5 Qe3+ 32. Kg2 Qxd3 33. Qh5 Qb1 34. Qh8+ Kf7
35. Qh5+ g6 36. Qh7+ Kf6 37. Kh3 Qf1+ 38. Kg4 g5 39. Rh6+ Ke5 40. Qe7# 1-0

[Event "AUTO-INT-2778"]
[Site "http://www.queenalice.com/game.php?id=1241163"]
[Date "2013.12.19"]
[Round "1"]
[White "Kensho"]
[Black "tche_elvio"]
[Result "1-0"]
[WhiteElo "1468"]
[BlackElo "1559"]

1. e4 e6 2. Nf3 g6 3. Bb5 Bg7 4. O-O c6 5. Ba4 Ne7 6. c3 O-O 7. Re1 d5 8. Bc2
Bd7 9. d4 Na6 10. Nbd2 b6 11. a3 c5 12. h3 Nc7 13. b4 cxd4 14. cxd4 h5 15. Ne5
Nb5 16. Ba4 Nc3 17. Qb3 Nxa4 18. Nxd7 Qxd7 19. e5 Nf5 20. Nf3 Nxd4 21. Nxd4 a6
22. b5 Nc5 23. Qf3 axb5 24. Bb2 Na4 25. Bc1 f6 26. Nxb5 Qxb5 27. exf6 Rxf6 28.
Qe2 Qxe2 29. Rxe2 Nc3 30. Re1 Ne4 31. Bb2 Rxf2 32. Bxg7 Kxg7 33. a4 Rf7 34. g4
Ng5 35. Kg2 b5 36. axb5 hxg4 37. Rxa8 gxh3+ 38. Kh1 Nf3 39. Rf1 h2 40. b6 Nd4
41. Rxf7+ 1-0

[Event "AUTO-INT-2778"]
[Site "http://www.queenalice.com/game.php?id=1241164"]
[Date "2013.12.19"]
[Round "1"]
[White "tche_elvio"]
[Black "Kensho"]
[Result "0-1"]
[WhiteElo "1476"]
[BlackElo "1464"]

1. d4 d6 2. c4 Nd7 3. Nc3 Ngf6 4. g3 e5 5. Bg2 Be7 6. d5 O-O 7. e4 c6 8. Nf3 Nc5
9. dxc6 Nfxe4 10. cxb7 Bxb7 11. O-O Nxc3 12. bxc3 Qd7 13. Be3 Ne4 14. Qc2 Rac8
15. Nd2 Nxd2 16. Qxd2 Rxc4 17. Bxb7 Qxb7 18. Rab1 Qe4 19. Rb4 a5 20. Rxc4 Qxc4
21. h4 f6 22. f4 h6 23. fxe5 dxe5 24. Kg2 Rd8 25. Qb2 Qe4+ 26. Kh3 Qxe3 27. a4
Rd3 28. Qf2 Rxc3 29. Qxe3 Rxe3 30. Rb1 g5 31. Rb8+ Kg7 32. Ra8 gxh4 33. Kxh4 f5+
34. Kh3 f4 35. Rxa5 Rxg3+ 36. Kh2 Bf6 37. Ra7+ Kg6 0-1

[Event "AUTO-INT-2778"]
[Site "http://www.queenalice.com/game.php?id=1241165"]
[Date "2013.12.19"]
[Round "1"]
[White "Kensho"]
[Black "Leovitor"]
[Result "0-1"]
[WhiteElo "1498"]
[BlackElo "1453"]

1. e4 e6 2. Nf3 d5 3. Bb5+ Bd7 4. Bxd7+ Nxd7 5. d3 Bd6 6. O-O Ngf6 7. Re1 dxe4
8. dxe4 Be7 9. Nc3 O-O 10. b3 c6 11. Bb2 Qc7 12. Qd3 Rad8 13. Qe3 Rfe8 14. Rad1
Nb6 15. Nb5 Qb8 16. Ne5 Rxd1 17. Rxd1 Rd8 18. Bd4 a6 19. Nc3 Nbd7 20. f3 Nxe5
21. Bxe5 Rxd1+ 22. Nxd1 Qxe5 23. c4 Bc5 0-1

[Event "AUTO-INT-2778"]
[Site "http://www.queenalice.com/game.php?id=1241166"]
[Date "2013.12.19"]
[Round "1"]
[White "Leovitor"]
[Black "Kensho"]
[Result "1-0"]
[WhiteElo "1471"]
[BlackElo "1480"]

1. e4 e5 2. Nf3 Nf6 3. Nxe5 Nxe4 4. Qe2 Qe7 5. Qxe4 d6 6. d4 dxe5 7. Qxe5 Nc6 8.
Qxe7+ Bxe7 9. Be3 Be6 10. Nc3 O-O 11. O-O-O Rfd8 12. Bd3 f5 13. g3 Nb4 14. Kb1
g6 15. Bh6 Rxd4 16. Be2 Rad8 17. Rxd4 Rxd4 18. Rd1 Re4 19. Nxe4 Bxa2+ 20. Kc1
Bd5 21. Bf3 Bxe4 22. Bxe4 fxe4 23. Kb1 Bf6 24. c3 Nd5 25. Rxd5 1-0

[Event "AUTO-INT-2778"]
[Site "http://www.queenalice.com/game.php?id=1241167"]
[Date "2013.12.19"]
[Round "1"]
[White "Kensho"]
[Black "oldfool"]
[Result "1-0"]
[WhiteElo "1490"]
[BlackElo "1363"]

1. c4 e6 2. g3 Bc5 3. e3 Nf6 4. Bg2 d5 5. Nf3 d4 6. Qa4+ c6 7. O-O O-O 8. b4 Be7
9. exd4 Na6 10. a3 Ne4 11. b5 cxb5 12. cxb5 Nc7 13. d3 Nd6 14. Nc3 Bd7 15. Qb3
Ncxb5 16. Bd2 Bf6 17. Ne4 Rc8 18. a4 Nc7 19. Bf4 Nf5 20. Nd6 Nxd6 21. Bxd6 Re8
22. Qxb7 Nd5 23. Qxa7 Rc7 24. Bxc7 Nxc7 25. a5 Nb5 26. Qc5 Nc7 27. h4 Na6 28.
Qd6 Qc8 29. Nd2 e5 30. Nb3 Re6 31. Qd5 Bc6 32. Qc4 Bd7 33. Nc5 Rc6 34. Bxc6 Bh3
35. Rfe1 h6 36. Nxa6 1-0

[Event "AUTO-INT-2778"]
[Site "http://www.queenalice.com/game.php?id=1241168"]
[Date "2013.12.19"]
[Round "1"]
[White "oldfool"]
[Black "Kensho"]
[Result "0-1"]
[WhiteElo "1344"]
[BlackElo "1493"]

1. d4 b6 2. e4 Bb7 3. d5 d6 4. Be2 Nd7 5. Bb5 a6 6. Be2 Ngf6 7. Qd3 e6 8. Bg5 h6
9. Be3 Be7 10. Nc3 O-O 11. Nf3 Ne5 12. Nxe5 dxe5 13. O-O Qd7 14. f4 Qd6 15. f5
exd5 16. exd5 Nxd5 17. Bd2 a5 18. Bf3 c6 19. Ne4 Qd7 20. c4 Ba6 21. b3 Rfd8 22.
cxd5 Bxd3 23. Rfe1 Qxd5 24. Nf6+ Bxf6 25. Bxd5 Rxd5 26. g4 Be4 27. Bc3 Bf3 28.
h3 b5 29. Re3 Bd1 30. Be1 b4 31. Rc1 Bg5 32. Bd2 Rxd2 33. Rxe5 Rad8 34. Rxa5
Be3+ 35. Kf1 f6 36. Rc4 Be2+ 37. Kg2 Bxc4+ 38. Kg3 Bb6 39. Ra4 R8d3+ 40. Kh4 g5+
41. Kh5 Kg7 0-1

[Event "Challenge"]
[Site "http://www.queenalice.com/game.php?id=1253144"]
[Date "2014.2.1"]
[Round "-"]
[White "Kensho"]
[Black "Wolle"]
[Result "0-1"]
[WhiteElo "1480"]
[BlackElo "1575"]

1. c4 e5 2. g3 d5 3. Bg2 c6 4. d3 Nf6 5. Bg5 Be7 6. b3 Nh5 7. Nf3 e4 8. dxe4
dxe4 9. Qxd8+ Bxd8 10. Nc3 exf3 11. Bxd8 fxg2 0-1

[Event "6"]
[Site "http://www.queenalice.com/game.php?id=1254400"]
[Date "2014.2.7"]
[Round "-"]
[White "capablanca2015"]
[Black "Kensho"]
[Result "0-1"]
[WhiteElo "1913"]
[BlackElo "1474"]

1. e4 b6 2. d4 Bb7 3. Nc3 g6 4. Nf3 e6 5. Be3 Bg7 6. Qd2 Ne7 7. Bh6 Rg8 8. Bxg7
Rxg7 9. Qh6 Kf8 10. Ng5 Kg8 11. Bd3 f6 12. Nf3 d5 13. e5 Nf5 14. Bxf5 exf5 15.
O-O Nc6 16. exf6 Qxf6 17. Nb5 Rc8 18. c3 a6 19. Na3 Ne7 20. Ne5 Rd8 21. Nc2 c5
22. Ne1 Nc6 23. N1f3 Re8 24. Rfe1 cxd4 25. Nxc6 Bxc6 26. Rxe8+ Bxe8 27. Nxd4 Re7
28. Qd2 b5 29. Re1 h5 30. Rxe7 Qxe7 31. Nf3 Bc6 32. Kf1 Qe4 33. a3 Qc4+ 34. Ke1
Qe4+ 35. Kf1 d4 36. Qxd4 Qxd4 37. Nxd4 Bd5 38. g3 Kf7 39. Ke1 Kf6 40. Kd2 Ke5
41. Ke3 g5 42. f4+ gxf4+ 43. gxf4+ Kd6 0-1

[Event "Rossinante"]
[Site "http://www.queenalice.com/game.php?id=1257624"]
[Date "2014.2.18"]
[Round "2"]
[White "Kensho"]
[Black "Philchess"]
[Result "0-1"]
[WhiteElo "1488"]
[BlackElo "1529"]

1. e4 Nf6 2. Nc3 e5 3. Nf3 d6 4. Bb5+ Bd7 5. O-O c6 6. Ba4 Be7 7. h3 b5 8. Bb3
b4 9. Ne2 Nxe4 10. d4 exd4 11. Nfxd4 c5 12. Bd5 Nc6 13. Bxe4 Rc8 14. Nb3 O-O 15.
Be3 Ne5 16. f3 f5 17. Bd5+ Kh8 18. g4 fxg4 19. hxg4 c4 20. Nbd4 a5 21. b3 c3 22.
Be6 Qe8 23. f4 Nxg4 24. Qd3 Bxe6 25. Nxe6 Rg8 26. Bd4 Bf6 27. f5 Bxd4+ 28. N2xd4
Ne5 29. Qg3 g6 30. Kf2 gxf5 31. Qh3 Ng4+ 32. Kf3 Ne5+ 33. Ke3 Ng4+ 34. Kf4 Qf7
35. Qh5 Qxh5 36. Rh1 Nh2 37. Rae1 Qg4+ 38. Ke3 Qe4+ 39. Kf2 Rg2# 0-1

[Event "Rossinante"]
[Site "http://www.queenalice.com/game.php?id=1293244"]
[Date "2014.7.8"]
[Round "3"]
[White "Marcelo_Araujo"]
[Black "Kensho"]
[Result "1-0"]
[WhiteElo "1684"]
[BlackElo "1458"]

1. e4 c5 2. Bc4 d6 3. Nf3 Nf6 4. Nc3 a6 5. O-O e6 6. a3 b5 7. Ba2 Be7 8. b4 O-O
9. d4 Nbd7 10. dxc5 dxc5 11. bxc5 Nxc5 12. Nd2 Bb7 13. e5 Nfd7 14. Re1 Qc7 15.
Bb2 Qc6 16. Qg4 f5 17. exf6 Bxf6 18. Rab1 Ne5 19. Qg3 Rad8 20. Nce4 Nxe4 21.
Nxe4 g5 22. Nxf6+ Rxf6 23. Bxe5 Rf7 24. Qxg5+ Kf8 25. Qxd8+ Qe8 26. Bd6+ 1-0

[Event "Let's Play Chess!"]
[Site "http://www.queenalice.com/game.php?id=1822111"]
[Date "2023.10.2"]
[Round "-"]
[White "Kensho"]
[Black "Charles56"]
[Result "1-0"]
[WhiteElo "1494"]
[BlackElo "1647"]

1. d4 d5 2. Nc3 e6 3. a3 h6 4. Bf4 a6 5. e3 Bd7 6. Nf3 Bd6 7. Bg3 Bxg3 8. hxg3
Nc6 9. Ne5 Nxe5 10. dxe5 f6 11. exf6 Qxf6 12. Bd3 Ne7 13. f4 g5 14. Qh5+ Kf8 15.
O-O-O Be8 16. Qf3 h5 17. g4 h4 18. Rdf1 gxf4 19. Ne2 e5 20. e4 d4 21. Qh3 Bc6
22. c3 dxc3 23. Nxc3 b5 24. g3 Ng6 25. Nd5 Qd6 26. g5 Kg7 27. gxf4 exf4 28. Qf5
Raf8 29. e5 Qxd5 30. Qxg6# 1-0

[Event "Let's Play Chess!"]
[Site "http://www.queenalice.com/game.php?id=1822440"]
[Date "2023.10.6"]
[Round "-"]
[White "alterego"]
[Black "Kensho"]
[Result "0-1"]
[WhiteElo "1599"]
[BlackElo "1516"]

1. d4 d6 2. g3 Nf6 3. Bg2 c6 4. Nf3 h6 5. a3 Nbd7 6. b4 b5 7. Nbd2 e5 8. dxe5
dxe5 9. e4 Be7 10. O-O O-O 11. Nb3 Nxe4 12. Nxe5 Bf6 13. Bf4 g5 14. Nxd7 Bxd7
15. Bxe4 gxf4 16. Qh5 Kg7 17. Nd2 Bxa1 18. Rxa1 Qg5 19. Qf3 fxg3 20. fxg3 Qxd2
21. Rf1 Qd4+ 22. Kg2 Rae8 23. c3 Qxe4 0-1

[Event "zebra - 2"]
[Site "http://www.queenalice.com/game.php?id=1858324"]
[Date "2025.6.11"]
[Round "-"]
[White "Kensho"]
[Black "zubarev"]
[Result "0-1"]
[WhiteElo "1562"]
[BlackElo "1868"]

1. d4 d5 2. Nd2 Nc6 3. e3 Nf6 4. c4 e6 5. Ngf3 Be7 6. Bd3 O-O 7. a3 Ne8 8. Ne5
Nxe5 9. dxe5 f6 10. Nf3 f5 11. b4 c6 12. Bb2 g6 13. O-O Kg7 14. Rc1 a5 15. Qd2
Nc7 16. b5 Qe8 17. b6 Na6 18. Qxa5 Bd7 19. Qc3 Nc5 20. Bc2 Qd8 21. Qb4 Nd3 22.
Qb3 Nxc1 23. Bxc1 Bc5 24. cxd5 cxd5 25. Rd1 Qxb6 26. Qd3 Bb5 27. Qd2 Bxa3 28.
Qd4 Qxd4 29. Nxd4 Bd7 30. Bd2 Bc5 31. Nb3 Be7 32. Rc1 Ra2 33. g3 Rc8 34. Nd4 Bc5
35. Nf3 Ba3 36. Bb3 Rxc1+ 37. Bxc1 Ra1 38. Kg2 Rxc1 39. h4 b5 40. Nd4 Bc5 41.
Ne2 Rb1 42. Bc2 Rb2 43. Bd3 b4 44. Kf3 b3 45. g4 Ra2 46. Nc3 Bb4 47. Nb1 Bc6 48.
Kf4 Rxf2+ 49. Kg3 Rb2 50. Kf4 h6 51. h5 gxh5 52. gxf5 exf5 53. Bxf5 Rf2+ 0-1